Gandhi: his life and message for the world

Saved in:
Bibliografiske detaljer
Hovedforfatter: Fischer, Louis (Author)
Format: Bog
Sprog:engelsk
Udgivet: Nueva York New American Library 1954
Serier:Mentor Book
Fag:
Tags: Tilføj Tag
Ingen Tags, Vær først til at tagge denne postø!

MARC

LEADER 00000nam a2200000 a 4500
001 UCQ7170
003 CL-VaPUC
008 981031e19540000US |||||||||||||||||eng|d
082 0 4 |a 923.6  |b FIS  |2 21 
100 0 |a Fischer, Louis  |e author  |9 421020 
245 1 0 |a Gandhi: his life and message for the world 
300 |a 189 p 
942 |c BK 
945 |d 19981031 00:00:00  |a crobeson 
260 |a Nueva York  |b New American Library  |c 1954 
600 0 7 |a GANDHI, MAHATMA  |2 CL-VaPUC  |9 319053 
650 7 |a PACIFISMO  |2 CL-VaPUC  |9 319054 
650 0 |a Paz  |9 259242 
650 0 |a No violencia  |9 348775 
583 |a last modification  |c 19981031 00:00:00  |k Rodrigo Vera 
490 0 |a Mentor Book 
999 |c 276928  |d 276926 
952 |0 0  |1 0  |4 0  |6 923_600000000000000_FIS_1954  |7 0  |8 A  |9 314546  |a BIBEDU  |b BIBEDU  |d 2019-11-20  |i 1487191  |o 923.6 FIS 1954  |p 1487191  |r 2019-11-20  |w 2019-11-20  |y BK  |k LIT